[Event "FICGS rapid B 000149 email"]
[Site "FICGS email"]
[Date "2010.04.22"]
[Round "1"]
[White "Payzansky, Aleksey"]
[Black "Simpson, Maggie"]
[Result "1-0"]
[WhiteElo "1798"]
[BlackElo "1800"]
[PlyCount "47"]
[EventDate "2010.??.??"]
[EventType "tourn (rapid)"]
[EventRounds "6"]
[SourceTitle "Corr 2013"]
[Source "ChessBase"]
[SourceDate "2012.11.12"]
[SourceVersion "1"]
[SourceVersionDate "2012.11.12"]
[SourceQuality "1"]

1. e4 c5 2. Nf3 d6 3. d4 cxd4 4. Nxd4 Nf6 5. Nc3 a6 6. Bg5 e6 7. f4 Qc7 8. Qf3 b5 9. Bxf6 gxf6 10. e5 d5 11. exf6 Nd7 12. 0-0-0 Nxf6 13. f5 e5 14. Nxd5 Nxd5 15. Qxd5 Bb7 16. Nxb5 Bh6+ 17. Kb1 axb5 18. Bxb5+ Kf8 19. Qb3 Bc8 20. Qf3 Rb8 21. a4 f6 22. Rd5 Rxb5 23. axb5 Rg8 24. Rhd1 1-0

[Event "FICGS rapid B 000149 email"]
[Site "FICGS email"]
[Date "2010.04.22"]
[Round "1"]
[White "Simpson, Maggie"]
[Black "Ponting, Andrew"]
[Result "0-1"]
[WhiteElo "1800"]
[BlackElo "1716"]
[PlyCount "20"]
[EventDate "2010.??.??"]
[EventType "tourn (rapid)"]
[EventRounds "6"]
[SourceTitle "Corr 2013"]
[Source "ChessBase"]
[SourceDate "2012.11.12"]
[SourceVersion "1"]
[SourceVersionDate "2012.11.12"]
[SourceQuality "1"]

1. e4 c5 2. Nf3 d6 3. d4 cxd4 4. Nxd4 Nf6 5. Nc3 a6 6. Be3 e5 7. Nb3 Be7 8. f3 Be6 9. Qd2 h5 10. 0-0-0 Nbd7 0-1

[Event "FICGS class B 000108 email"]
[Site "FICGS email"]
[Date "2010.04.20"]
[Round "1"]
[White "Cade, Stephen"]
[Black "Simpson, Maggie"]
[Result "1-0"]
[WhiteElo "1995"]
[BlackElo "1800"]
[PlyCount "35"]
[EventDate "2010.??.??"]
[EventType "tourn (corr)"]
[EventRounds "5"]
[SourceTitle "Corr 2022"]
[Source "ChessBase"]
[SourceDate "2021.10.24"]
[SourceVersion "1"]
[SourceVersionDate "2021.10.24"]
[SourceQuality "1"]

1. e4 c5 2. Nc3 e6 3. Nf3 Nc6 4. d4 cxd4 5. Nxd4 Nf6 6. Nxc6 bxc6 7. e5 Nd5 8. Ne4 Qc7 9. f4 Qb6 10. c4 Bb4+ 11. Ke2 f5 12. Nf2 Ba6 13. Kf3 Ne7 14. Be3 Bc5 15. Bxc5 Qxc5 16. Qd6 Qa5 17. h4 Kf7 18. b3 1-0